000 00458cam a2200193ua 4500
001 2411
005 20260515113507.0
008 110816n ii |||gr||||Z||||||asm
040 _cMAIN
082 _a398.054162
100 1 _aBaruah, Hem,
245 1 _aRed river & the blue hill
_cby Hem Baruah
250 _a4th.
260 _aGuahati:
_bLBS Publication,984.
300 _a205p:
_c23cm.
653 _aFolklore
653 _aAssamese culture
942 _cBK
999 _c2266
_d2266